[Event "It (open) (active) \"]
[Site "masterchessopen.com Pardubice (Czech Republic)"]
[Date "2007.07.18"]
[Round "5"]
[White "Laznicka Viktor (CZE)"]
[Black "Zilberman Yaacov (ISR)"]
[Result "1-0"]
[WhiteElo "2610"]
[BlackElo "2473"]

{ } 1.d4 d5 2.c4 dxc4 3.Nf3 Nf6 4.e3 e6 5.Bxc4 c5 6.O-O a6 7.Qe2 b5 8.Bb3 Bb7
9.Nc3 Nbd7 10.Rd1 { = } 10...Be7 ( 10...Qc7 11.e4 cxd4 12.Nxd4 Nc5 13.Bg5 Bd6
14.Rac1 Bxh2+ 15.Kh1 Be5 16.Bxf6 gxf6 17.Ncxb5 Qe7 18.Rxc5 Qxc5 19.Nxe6 fxe6
20.Qh5+ Ke7 21.Bxe6 Kxe6 22.Qg4+ Kf7 23.Rd7+ Qe7 24.Qh5+ Kf8 25.Qh6+ Kf7
26.Rxe7+ Kxe7 27.Qg7+ Ke6 28.Qg4+ Ke7 29.Qg7+ Ke6 30.Qxb7 { ...1/2-1/2,
Christiansen Larry M 2555 - Anand Viswanathan 2725 , Las Palmas 1993 It "Gran
Canaria" (cat.16) } ) ( 10...Qb8 11.d5 Nxd5 12.Bxd5 Bxd5 13.Nxd5 exd5 14.Rxd5
Qb7 15.e4 Be7 16.Bg5 f6 17.Rad1 Nb6 18.Bf4 O-O 19.R5d2 Rfe8 20.e5 Bf8 21.Qd3
Nc4 22.Re2 fxe5 23.Bxe5 Nxe5 24.Nxe5 c4 25.Qf5 Qe7 26.Re3 Rad8 27.Rde1 Qe6
28.Qxe6+ Rxe6 29.Nxc4 Rc6 30.Ne5 { ...0-1, Atalik Suat 2527 - Topalov Veselin
2733 , Sarajevo 2001 It (cat.16) } ) ( 10...Qb6 11.d5 exd5 12.Nxd5 Nxd5
13.Bxd5 Bxd5 14.Rxd5 Be7 15.e4 Rd8 16.Be3 Qb7 17.Rad1 O-O 18.Qd2 Qa8 19.Qc2
Nf6 20.Rxd8 Rxd8 { 1/2-1/2, Salov Valery 2645 - Ivanchuk Vassily 2680 ,
Linares 1990 It (cat.16) } ) ( 10...Bd6 11.e4 cxd4 12.Rxd4 Bc5 13.Rd3 Ng4
14.Nd1 Qb8 15.Bg5 { 1/2-1/2, Vaganian Rafael A 2615 - Ehlvest Jaan 2635 ,
Manila 1992 Olympiad } ) ( 10...b4 11.Na4 Qa5 12.Bd2 cxd4 13.Nxd4 e5 14.a3
exd4 15.exd4+ Kd8 16.Nc5 Bxc5 17.dxc5 Re8 18.Qd3 Qb5 19.Qh3 Bc6 20.axb4 Ke7
21.Bc3 Kf8 22.Rd6 a5 23.Rad1 Ra7 24.Qf5 axb4 25.Bd4 Qe2 26.h3 Be4 27.Qf4 Bc2
28.Bxf6 Nxf6 29.R6d2 Bxd1 30.Rxe2 { ...1/2-1/2, Christiansen Larry M 2555 -
Korchnoi Viktor 2625 , Antwerpen 1993 It } ) 11.e4 cxd4 ( 11...c4 12.Bc2 Nb6
13.Bf4 { +0.11 CAP } ) 12.Nxd4 Qb8 13.Bxe6 ( 13.Bg5 Nc5 14.Bc2 h6 15.Bh4 g5
16.Bg3 Qa7 17.a3 Rc8 18.Rd2 Qa8 19.f3 h5 20.Rad1 h4 21.Bf2 g4 22.fxg4 Nfxe4
23.Bxe4 Nxe4 24.Nxe4 Bxe4 25.Re1 Bd5 26.Nf5 h3 27.Nxe7 Bc4 28.Qf3 Qxf3 29.gxf3
Kxe7 30.Bd4 Rhd8 31.Kf2 Rd5 32.Bc3 Rcd8 { ...1/2-1/2, Horvath Jozsef_ 2515 -
Krizsany Laszlo 2455 , Zalakaros 1996 It (open) } ) ( 13.Nd5 Bd6 14.Nxf6+ Nxf6
15.e5 Bxe5 16.Nxe6 fxe6 17.f4 Nd5 18.Qh5+ g6 19.Qg4 Qd6 20.fxe5 Qb6+ 21.Kh1
Rf8 22.Bg5 Rf2 23.Rd2 Ne3 24.Bxe3 Bxg2+ 25.Kg1 { 1-0, Khamdamov Suhrob 2150 -
Zambrana Oswaldo 2472 , Calvia 26.10.2004 Olympiad } ) ( 13.Re1 { +0.52 CAP }
) 13...fxe6 14.Nxe6 { ^00 ^01 ^00 ^00 ^00 ^05 Ke8f7 ^00 ^00 ^00 ^01 ^00 ^05
Ke8f7 ^254 ^00 ^00 ^00 ^128 } 14...Kf7 { N ^254 ^00 ^00 ^00 ^04 ! } ( 14...Qe5
15.Nxg7+ Kf7 16.Nf5 ( 16.f4 Bc5+ 17.Kh1 Qc7 18.Nf5 Rhe8 19.e5 Nxe5 20.fxe5
Qxe5 21.Nh6+ Kg7 22.Qf1 Rad8 23.Bf4 Qh5 24.a3 Qg6 25.Rac1 Nh5 26.Rxd8 Rxd8
27.Ne2 Nxf4 28.Nxf4 Qxh6 29.Re1 Bd6 { 0-1, Godard Maxence 2328 - Brodowski
Piotr 2294 , Krakow 2. 1.2005 It (open) } ) 16...Rhd8 17.f4 Qc5+ 18.Be3 Qc4
19.Qxc4+ bxc4 20.Nxe7 Kxe7 21.e5 Ng4 22.Bd4 Rg8 23.Rd2 Nh6 24.Rad1 Nf5 25.Bf2
Rxg2+ 26.Kf1 Rxf2+ 27.Kxf2 Nc5 28.Nd5+ Kf7 29.Nf6 Nd3+ 30.Rxd3 cxd3 31.Rxd3
Bc6 32.Rc3 Ne7 33.Nxh7 Rb8 34.b3 { ...1-0, Nikolac Juraj 2434 - Schulz
Klaus-Juergen 2397 , Germany 1985 Bundesliga 1984/85 } ) 15.Bf4 { -1.33 CAP }
15...Ne5 16.Ng5+ Kg8 { ? } ( 16...Kg6 17.Nd5 Bd6 18.Rac1 Re8 19.Rd4 Rc8 20.Rc2
Bxd5 { } ) 17.Nd5 { ? } ( 17.Qc2 Qc8 18.Bxe5 h6 19.Qb3+ Qc4 20.Qxc4+ bxc4
21.Nf3 Rc8 22.Nh4 Kf7 23.Nf5 Bb4 { } ) 17...Nxd5 18.exd5 Bxg5 19.Bxe5 Qe8
20.Rd4 Rd8 21.Rad1 h6 22.d6 Rd7 23.R1d3 Kh7 24.f4 { ?! } ( 24.h4 { !? }
24...Bd8 25.Rg3 Rf8 26.Rdg4 Bf6 27.Re3 { } ) 24...Bf6 25.Re3 Qg6 26.f5 Qf7
27.Bxf6 Qxf6 28.Qd3 Rf8 29.Re7 Bc6 30.Rg4 Rg8 31.Re6 Qxb2 32.f6+ g6 33.h4 h5 {
? } ( 33...Qxa2 34.Re7+ Rxe7 35.fxe7 Qa1+ 36.Kf2 Rg7 37.Rf4 Qa2+ 38.Ke3 Qxg2
39.Qd4 Qg1+ 40.Kd3 Qd1+ { } ) 34.Rg5 Qc1+ 35.Kh2 Qf4+ 36.Kh3 Kh6 { ?! } (
36...Kh8 { !? } 37.Qc3 Qc4 38.Qe5 Qd3+ 39.Kh2 Rf7 40.Re7 Rgf8 41.Rg3 Qc2 { } )
37.f7 Qxf7 38.Qe3 Kg7 39.Rge5 Kh8 { ?! } ( 39...Rgd8 { !? } 40.Re7 Rxe7
41.Rxe7 Rxd6 42.Qe5+ Rf6 43.Kg3 Bd7 44.Rxf7+ Kxf7 45.Qd5+ Ke7 46.Qc5+ { } )
40.Qc3 { ?! } ( 40.Re7 { !? } 40...Rxe7 41.Rxe7 Qf5+ 42.Kh2 Qf8 43.Qe5+ Rg7
44.Rc7 Kh7 45.Rxc6 Qf2 46.Qg5 Qd4 { } ) 40...Bxg2+ 41.Kxg2 Rg7 { ?? } (
41...Qg7 42.Kh3 Rf8 43.Rxg6 Qxg6 44.Rxh5+ Kg8 45.Rh8+ Kf7 46.Qf3+ Ke6 47.Rxf8
Rxd6 48.h5 Qd3 { } ) 42.Re2 { ?? } ( 42.Re7 b4 43.Qc8+ Qg8 44.Qxd7 Qxa2+
45.Kf3 Qb3+ 46.Re3 Qd1+ 47.Ke4 Qh1+ 48.Ke5 Qa1+ 49.Kd5 { } ) 42...Qf5 { ? } (
42...Kh7 43.R2e4 Qf5 44.R4e5 Qg4+ 45.Qg3 Qc4 46.Re2 { } ) 43.Qd4 { ? } (
43.Re7 Qg4+ 44.Kh1 Qxh4+ 45.Rh2 Qxe7 46.dxe7 Rxe7 47.Qc8+ Kh7 48.Qxa6 Re1+
49.Kg2 Rc7 { } ) 43...Kh7 { ? } ( 43...Rf7 44.Qe4 Qf1+ 45.Kg3 Kh7 46.Rd2 Qg1+
47.Rg2 Qd1 48.Kh2 Rf5 49.a3 a5 50.Rg1 { } ) 44.Rf6 Qb1 45.Ref2 { ?? } ( 45.Rf1
Qxf1+ 46.Kxf1 Rgf7+ 47.Kg2 Rd8 48.Qb6 Rdd7 49.Qxa6 Rf6 50.Rd2 Kg7 51.Qc6 { } )
45...Qc1 46.Qe4 Qc5 47.Rd2 b4 { ?? } ( { ? } 47...Qc4 48.Qxc4 bxc4 49.Kf3 Rg8
50.Rg2 c3 51.Ke2 Rc8 52.Kd1 g5 53.hxg5 Rcd8 54.Rh6+ { } ) 48.Re6 { ?? } (
48.Rd5 Qxd5 49.Qxd5 Ra7 50.Kg3 Rad7 51.Rf8 { } ) 48...a5 { ?? } ( 48...Qf5
49.Rd5 Qxe4+ 50.Rxe4 Rb7 51.Re6 Rb8 52.Ra5 Ra8 53.Kf3 Rf7+ 54.Ke4 Kg7 55.Rc5
Rd8 { } ) 49.Re5 Qc8 { } {#r} 1-0

[Event "It (open)"]
[Site "masterchessopen.com Stare Mesto (Czech Republic)"]
[Date "2007.08.10"]
[Round "1"]
[White "Hladil Ivo (CZE)"]
[Black "Weglarz Leszek (POL)"]
[Result "0-1"]
[WhiteElo "1923"]
[BlackElo "2303"]

1.d4 d5 2.c4 dxc4 3.Nf3 c5 4.e3 e6 5.Bxc4 Nf6 6.O-O a6 7.Qe2 b5 8.Bb3 Bb7
9.Rd1 Nbd7 10.Nc3 Qb6 11.a4 b4 12.a5 Qc7 13.Na4 Be7 14.Bd2 cxd4 15.exd4 O-O
16.Ne5 Nxe5 17.dxe5 Nd7 18.Bf4 Rfd8 19.Rxd7 Qxd7 20.Nb6 Qc6 21.Qg4 h5 22.Qf3
Qxf3 23.gxf3 Rab8 24.Kg2 Bxf3+ 25.Kxf3 Rd3+ 26.Ke4 Rxb3 27.Nc4 Rd8 28.Be3 Rbd3
29.Rc1 Rd1 30.Rc2 b3 31.Rc3 Rc8 32.Bd4 Bb4 33.Ne3 Rxd4+ 34.Kxd4 Bxc3+ 35.Ke4
Bxb2 36.Nd1 Bc1 37.Kd3 b2 {#R} 0-1

[Event "It (open)"]
[Site "masterchessopen.com Kolobrzeg (Poland)"]
[Date "2007.08.24"]
[Round "8"]
[White "Konieczynski Piotr (POL)"]
[Black "Wlodarski Michal (POL)"]
[Result "0-1"]
[WhiteElo "1948"]
[BlackElo "1943"]

1.d4 d5 2.Nf3 Nf6 3.c4 dxc4 4.e3 e6 5.Bxc4 c5 6.O-O a6 7.Qe2 b5 8.Bb3 Bb7
9.Rd1 Qb6 10.Nc3 Be7 11.Bd2 O-O 12.dxc5 Bxc5 13.Be1 Nc6 14.Rac1 Ng4 15.Ne4 Be7
16.Nd6 Rfd8 17.Nxb7 Qxb7 18.h3 Nf6 19.Bc2 Rac8 20.Bb1 Nd7 21.Qc2 g6 22.Qe4 Nc5
23.Rxd8+ Rxd8 24.Qc2 b4 25.Rd1 Rc8 26.Qe2 Na4 27.Bd3 Nc5 28.Bc4 Na5 29.Rc1 Rd8
30.Ne5 Nxc4 31.Nxc4 Nd3 32.Rb1 Qe4 33.Nd2 Qc6 34.Nb3 Bf6 35.Rd1 Qd5 36.Rd2 e5
37.Rc2 e4 38.Nc1 Kg7 39.b3 a5 40.Kf1 Qe5 41.Kg1 Qa1 42.Bd2 Qb1 43.Rc4 Bb2
44.Qf1 Ne5 {#R} 0-1

[Event "It (open)"]
[Site "masterchessopen.com Pavlodar (Kazakhstan)"]
[Date "2007.12.17"]
[Round "2"]
[White "Lunev Roman (KAZ)"]
[Black "Sukhov Maxim (KAZ)"]
[Result "1-0"]
[WhiteElo "2165"]
[BlackElo "2098"]

1.d4 d5 2.c4 dxc4 3.Nf3 Nf6 4.e3 e6 5.Bxc4 c5 6.O-O a6 7.Qe2 b5 8.Bb3 Bb7
9.Rd1 Nbd7 10.a4 b4 11.Nbd2 Be7 12.Nc4 Qc7 13.h3 a5 14.Nce5 Nxe5 15.Nxe5 O-O
16.Bd2 Rfd8 17.Rac1 Qb6 18.dxc5 Bxc5 19.Qb5 Ne4 20.Qxb6 Bxb6 21.Nc4 Bc7 22.Be1
Nc5 23.Bc2 b3 24.Bb1 Rxd1 25.Rxd1 Bd5 26.Rc1 Kf8 27.Nd2 Bb6 28.e4 Bb7 29.Rc3
Rd8 30.Kh2 Rd7 31.f3 Nxa4 32.Rxb3 Bd4 33.Nc4 Ba6 34.Nxa5 Be5+ 35.Bg3 Bxg3+
36.Kxg3 Rd2 37.Rb8+ Ke7 38.Nc6+ Kd7 39.Rd8+ Kxc6 40.Rxd2 Nc5 41.b4 Nb3 42.Rd8
{#r} 1-0

[Event "Ch City"]
[Site "masterchessopen.com Alma-Ata (Kazakhstan)"]
[Date "2008.02.19"]
[Round "1"]
[White "Tanatarov S (KAZ)"]
[Black "Rysbayeva Aigerim (KAZ)"]
[Result "1-0"]
[WhiteElo "2191"]
[BlackElo "2180"]

1.d4 d5 2.Nf3 Nf6 3.c4 dxc4 4.e3 e6 5.Bxc4 c5 6.O-O a6 7.Qe2 b5 8.Bb3 Bb7 9.a4
Qb6 10.Nc3 c4 11.Bc2 Nbd7 12.e4 b4 13.a5 Qc7 14.Na4 Be7 15.Rd1 Rc8 16.d5 exd5
17.Nb6 b3 18.Nxd7 Nxd7 19.Bb1 dxe4 20.Bxe4 Bxe4 21.Qxe4 Nf6 22.Qf5 O-O 23.Bd2
Qc5 24.Qh3 Rfd8 25.Bc3 Rxd1+ 26.Rxd1 Rd8 27.Re1 h6 28.Qg3 Nh5 29.Qg4 Bf6
30.Ne5 g6 31.Nd7 Bxc3 32.Nxc5 Bxe1 33.Qxc4 Rd1 34.g3 Bxa5+ 35.Kg2 Bd8 36.Qxb3
Rd2 37.Ne4 Rd4 38.Qb7 Nf6 39.Nxf6+ Bxf6 40.Qxa6 Kg7 41.Qa5 {#r} 1-0

[Event "NRW-liga 2007/08"]
[Site "masterchessopen.com Germany"]
[Date "2008.04.27"]
[Round "9"]
[White "Rademakers Evert (NED)"]
[Black "Bachmann Karlheinz (GER)"]
[Result "1-0"]
[WhiteElo "2151"]
[BlackElo "2275"]

1.d4 d5 2.Nf3 Nf6 3.c4 dxc4 4.e3 e6 5.Bxc4 a6 6.O-O c5 7.Qe2 b5 8.Bb3 Bb7 9.a4
Nbd7 10.axb5 axb5 11.Rxa8 Qxa8 12.Nc3 b4 13.Nb5 Qb8 14.e4 cxd4 15.Nbxd4 Be7
16.Rd1 Qc7 17.Ng5 Nc5 18.Qb5+ Qd7 19.Qxb4 Nxb3 20.Qxb3 Qc8 21.Bf4 O-O 22.Rc1
Qa8 23.Rc7 Qa1+ 24.Rc1 Qa8 25.Ndxe6 Rc8 26.Nc7 Rxc7 27.Qxf7+ Kh8 28.Rxc7 Bxe4
29.Qxe7 {#r} 1-0

[Event "It (open)"]
[Site "masterchessopen.com Differdange (Luxembourg)"]
[Date "2008.05.14"]
[Round "6"]
[White "Leniart Arkadiusz (POL)"]
[Black "Thorhallsson Throstur (ISL)"]
[Result "0-1"]
[WhiteElo "2368"]
[BlackElo "2455"]

1.d4 d5 2.c4 dxc4 3.Nf3 Nf6 4.e3 e6 5.Bxc4 c5 6.O-O a6 7.Qe2 b5 8.Bb3 Bb7
9.Rd1 Nbd7 10.Nc3 Qb8 11.d5 c4 12.dxe6 fxe6 13.Bc2 Bd6 14.h3 O-O 15.Ng5 Nc5
16.Rd4 Bh2+ 17.Kh1 Be5 18.Rh4 h6 19.Nge4 Nfxe4 20.Nxe4 Qd8 21.Rg4 Nd3 22.Bxd3
cxd3 23.Qd1 h5 24.Rg5 Bc7 25.Qxh5 Bxe4 26.Bd2 Rf5 27.Rxf5 exf5 28.Qg6 Qd6
29.Qxd6 Bxd6 30.Rc1 a5 31.Kg1 Bb4 32.Bxb4 axb4 33.f3 Bd5 34.Rd1 Bc4 35.b3 Rxa2
{#R} 0-1

[Event "It (open)"]
[Site "masterchessopen.com Voronezh (Russia)"]
[Date "2008.06.19"]
[Round "7"]
[White "Feoktistov Alexey A (RUS)"]
[Black "Rysbayeva Aigerim (KAZ)"]
[Result "1-0"]
[WhiteElo "2415"]
[BlackElo "2180"]

1.d4 d5 2.Nf3 Nf6 3.c4 dxc4 4.e3 e6 5.Bxc4 c5 6.O-O a6 7.Qe2 b5 8.Bb3 Bb7 9.a4
Qb6 10.axb5 axb5 11.Rxa8 Bxa8 12.Nc3 c4 13.Bc2 Be7 14.e4 Nc6 15.d5 Nb4 16.Bb1
exd5 17.e5 Ne4 18.Nxe4 dxe4 19.Bxe4 Bxe4 20.Qxe4 O-O 21.Be3 Qc6 22.Qg4 Nd3
23.Nd4 Qg6 24.Qd7 Bc5 25.e6 Ne5 26.Qxb5 Bxd4 27.e7 Nf3+ 28.Kh1 Bxe3 29.e8=Q
Qd3 30.Ra1 Bc5 31.Qed7 Qxd7 32.Qxd7 {#r} 1-0

[Event "Memorial M.Najdorf (open)"]
[Site "masterchessopen.com Warsaw (Poland)"]
[Date "2008.08.03"]
[Round "2"]
[White "Moranda Wojciech (POL)"]
[Black "Zickus Simonas (LTU)"]
[Result "1-0"]
[WhiteElo "2536"]
[BlackElo "2315"]

1.d4 d5 2.c4 dxc4 3.Nf3 Nf6 4.e3 e6 5.Bxc4 c5 6.O-O a6 7.Qe2 b5 8.Bb3 Bb7 9.a4
b4 10.a5 Nbd7 11.Nbd2 cxd4 12.exd4 Be7 13.Nc4 O-O 14.Bf4 Nd5 15.Bg3 N7f6
16.Nfe5 g6 17.Nd3 Rc8 18.Rfd1 Bc6 19.Nce5 Bb5 20.Qf3 Nh5 21.Ng4 Nxg3 22.hxg3
Kg7 23.Nf4 Nxf4 24.gxf4 Bc4 25.d5 exd5 26.Bxc4 Rxc4 27.Ne3 Qc7 28.Nxd5 Qb7
29.Qe2 {#r} 1-0

[Event "It (open) (b)"]
[Site "masterchessopen.com Schwarzach (Austria)"]
[Date "2008.08.17"]
[Round "2"]
[White "Wallmann Christian (AUT)"]
[Black "Mooslechner Peter (AUT)"]
[Result "0-1"]
[WhiteElo "1821"]
[BlackElo "1938"]

1.d4 d5 2.c4 dxc4 3.Nf3 Nf6 4.e3 e6 5.Bxc4 c5 6.O-O a6 7.Qe2 b5 8.Bb3 Bb7
9.Rd1 Nbd7 10.Nbd2 Qc7 11.Nf1 c4 12.Bc2 c3 13.e4 Rc8 14.b3 Be7 15.Ng3 O-O
16.Bg5 Rfe8 17.h4 h6 18.Be3 Qd8 19.h5 Qc7 20.d5 exd5 21.exd5 Bc5 22.Qd3 Rxe3
23.fxe3 Qxg3 24.Rf1 Re8 25.Rae1 Bxd5 26.Qxc3 Ne5 27.Bd1 Nfg4 28.Qxc5 Nxf3+
29.Rxf3 Qxe1+ 30.Rf1 Qxe3+ 31.Qxe3 Nxe3 32.Re1 Bc6 {#R} 0-1

[Event "Memorial I.Kopylov (cat.3)"]
[Site "masterchessopen.com Ufa (Russia)"]
[Date "2008.12.17"]
[Round "3"]
[White "Nozdrin Alexander V (RUS)"]
[Black "Galin Ilgam (RUS)"]
[Result "1-0"]
[WhiteElo "2413"]
[BlackElo "2292"]

1.Nf3 Nf6 2.d4 d5 3.c4 dxc4 4.e3 e6 5.Bxc4 a6 6.O-O c5 7.Qe2 b5 8.Bb3 Bb7 9.a4
b4 10.Rd1 Qc7 11.Nbd2 Be7 12.e4 cxd4 13.e5 Nd5 14.Nc4 Nc6 15.Bg5 O-O 16.Qe4 g6
17.Rac1 Kg7 18.Nd6 Rad8 19.Bxd5 exd5 20.Qh4 Bxg5 {#r} 1-0

[Event "It (open)"]
[Site "masterchessopen.com Pardubice (Czech Republic)"]
[Date "2009.08.01"]
[Round "9"]
[White "Gergel Vladimir P (UKR)"]
[Black "Vrana Jan (CZE)"]
[Result "0-1"]
[WhiteElo "2316"]
[BlackElo "2236"]

1.d4 d5 2.c4 dxc4 3.Nf3 Nf6 4.e3 e6 5.Bxc4 c5 6.O-O a6 7.Qe2 b5 8.Bb3 Bb7
9.Rd1 Nbd7 10.Ne5 Qc7 11.Nc3 Bd6 12.Nxd7 Nxd7 13.d5 c4 14.Bc2 Nf6 15.e4 Bxh2+
16.Kh1 Be5 17.Bg5 Rd8 18.f4 Bxf4 19.Bxf6 gxf6 20.dxe6 Rxd1+ 21.Rxd1 fxe6
22.Qg4 Kf7 23.Ne2 Be5 24.b3 Rg8 25.Qh5+ Kg7 26.bxc4 Kh8 27.Qh3 f5 28.Nd4 Bxd4
29.Rxd4 Qg7 30.Rd2 fxe4 31.Qe3 bxc4 32.Bxe4 Qa1+ 33.Kh2 Qe5+ 34.Kg1 Qxe4
35.Qc3+ e5 {#R} 0-1

[Event "It (open)"]
[Site "masterchessopen.com Peristeri (Greece)"]
[Date "2009.09.11"]
[Round "4"]
[White "Trivizas Mihail (GRE)"]
[Black "Tepelenis Nikolaos (GRE)"]
[Result "0-1"]
[WhiteElo "2026"]
[BlackElo "2263"]

1.d4 d5 2.c4 dxc4 3.e3 Nf6 4.Bxc4 e6 5.Nf3 c5 6.O-O a6 7.Qe2 b5 8.Bb3 Bb7 9.a4
Nbd7 10.Nbd2 Qb6 11.Bc2 Nd5 12.Ne4 Nb4 13.Bb1 bxa4 14.Nc3 Be7 15.Rxa4 O-O
16.Nd2 a5 17.Nc4 Qc7 18.b3 Rfc8 19.Be4 Bxe4 20.Nxe4 cxd4 21.exd4 Nb6 22.Rxa5
Rxa5 23.Nxa5 Qxc1 24.Nc5 Qc2 {#R} 0-1

[Event "It (open)"]
[Site "masterchessopen.com Chamalieres (France)"]
[Date "2009.10.28"]
[Round "7"]
[White "Lageyre Pascal (FRA)"]
[Black "Brethes Francois (FRA)"]
[Result "0-1"]
[WhiteElo "1933"]
[BlackElo "2255"]

1.d4 d5 2.c4 dxc4 3.Nf3 e6 4.e3 c5 5.Bxc4 a6 6.O-O Nf6 7.Qe2 b5 8.Bb3 Bb7
9.dxc5 Bxc5 10.Rd1 Nbd7 11.Nc3 O-O 12.h3 Qc7 13.Bd2 Ne5 14.Nxe5 Qxe5 15.Nxb5
axb5 16.Qxb5 Ba6 17.Qc6 Rfc8 18.Bc3 Qf5 19.Qf3 Qxf3 20.gxf3 Be2 {#R} 0-1

[Event "Tournament \"]
[Site "masterchessopen.com San Nicolas de Bari (Cuba)"]
[Date "2009.11.24"]
[Round "1"]
[White "Olivares Francisco (CUB)"]
[Black "Aguero Luis Lazaro (CUB)"]
[Result "0-1"]
[WhiteElo "2358"]
[BlackElo "2400"]

1.d4 d5 2.c4 dxc4 3.e3 Nf6 4.Bxc4 e6 5.Nf3 c5 6.O-O a6 7.Qe2 b5 8.Bb3 Bb7
9.Nc3 Nbd7 10.Rd1 Qb8 11.e4 cxd4 12.Nxd4 Bd6 13.Bxe6 fxe6 14.Nxe6 Kf7 15.Ng5+
Kg8 16.Qc2 Nc5 17.Be3 h6 18.Bxc5 Bxh2+ 19.Kf1 hxg5 20.Qb3+ Kh7 21.Nd5 Bxd5
22.Rxd5 Qf4 23.Rf5 Qxe4 24.Rxg5 Bf4 25.f3 Qc4+ 26.Qxc4 bxc4 27.Rf5 Bc7 28.Rg5
Rhe8 29.Bd4 Rac8 30.Kf2 Bd8 31.Rh1+ Kg8 32.Rf5 Rc6 33.Kg3 Bc7+ 34.Kh3 Kf7
35.Bxf6 Rxf6 36.Rxf6+ Kxf6 37.Rc1 Rh8+ 38.Kg4 Rh2 39.g3 Rxb2 40.Rxc4 Bb6 41.f4
a5 42.a4 Rb4 43.Rc6+ Kf7 44.Kf5 Bd8 45.Rc8 Be7 46.Ra8 Rxa4 47.Ra7 Ra1 48.g4 a4
49.g5 g6+ {#R} 0-1

[Event "It (open)"]
[Site "masterchessopen.com Novy Bor (Czech Republic)"]
[Date "2010.02.17"]
[Round "6"]
[White "Ter-Karapetian Armen (GEO)"]
[Black "Vrana Jan (CZE)"]
[Result "0-1"]
[WhiteElo "2119"]
[BlackElo "2348"]

1.d4 d5 2.c4 dxc4 3.Nf3 Nf6 4.e3 e6 5.Bxc4 c5 6.O-O a6 7.Qe2 b5 8.Bb3 Bb7
9.Rd1 Nbd7 10.Nc3 Qc7 11.e4 cxd4 12.Nxd4 Bc5 13.Bc2 Rc8 14.a3 O-O 15.Bg5 Qb6
16.Nb3 e5 17.Rd2 Bd4 18.Nxd4 exd4 19.Nd5 Nxd5 20.exd5 Bxd5 21.Rad1 Rxc2
22.Rxc2 Bb3 23.Rcd2 Bxd1 24.Qxd1 Re8 25.Kf1 Qc7 26.g3 Qc6 27.f3 Ne5 28.Kf2 f6
29.Bf4 g5 30.Bxe5 fxe5 31.Qe2 Rf8 32.Rd3 Qd5 33.Kg1 h6 34.h3 Kg7 35.g4 Rf4
36.Qc2 e4 37.fxe4 Qxe4 38.Qd1 Qe5 39.Rf3 Kf6 40.Rd3 Re4 41.Rf3+ Ke7 42.Kf1 Qh2
43.Qc1 {#R} 0-1

[Event "Ch India (team)"]
[Site "masterchessopen.com Gurgaon (India)"]
[Date "2010.02.27"]
[Round "9"]
[White "Venkatesh H (IND)"]
[Black "Murali Krishnan B T (IND)"]
[Result "0-1"]
[WhiteElo "2070"]
[BlackElo "2363"]

1.d4 d5 2.c4 dxc4 3.Nf3 Nf6 4.e3 e6 5.Bxc4 c5 6.O-O a6 7.Qe2 b5 8.Bb3 Bb7
9.Nc3 Nbd7 10.e4 cxd4 11.Nxd4 Bc5 12.Rd1 Qb6 13.Nc2 O-O 14.Be3 Rfd8 15.f3 Ne5
16.Kf1 h6 17.Bxc5 Qxc5 18.Rxd8+ Rxd8 19.Rd1 Rc8 20.Qe3 Qc7 21.Qd4 Nc6 22.Qd6
Qb6 23.Qf4 Rd8 24.Qe3 Qc7 25.Kg1 Rxd1+ 26.Nxd1 Nd7 27.Nd4 Na5 28.Qc3 Qb6
29.Ne3 Ne5 30.Kf1 Nac6 31.Nxc6 Nxc6 32.Nc2 a5 33.a3 b4 34.axb4 Ba6+ 35.Ke1
Qg1+ 36.Kd2 Qxg2+ 37.Kc1 Qg1+ 38.Qe1 Qxe1+ 39.Nxe1 Nxb4 40.Kd2 Kf8 41.Ke3 Ke7
42.e5 f6 43.Kd4 Nc6+ 44.Kc5 Nxe5 45.Kb6 Bc4 46.Bd1 Bd5 47.Be2 a4 48.Ka5 Bc6
49.f4 {#R} 0-1

[Event "Ch Ukraine"]
[Site "masterchessopen.com Alushta (Ukraine)"]
[Date "2010.05.09"]
[Round "7"]
[White "Kurochkin Valery (UKR)"]
[Black "Shankovsky Andriy (UKR)"]
[Result "0-1"]
[WhiteElo "2329"]
[BlackElo "2311"]

1.d4 d5 2.Nf3 Nf6 3.c4 dxc4 4.e3 e6 5.Bxc4 a6 6.O-O c5 7.Qe2 b5 8.Bb3 Bb7
9.Rd1 Nbd7 10.Nc3 Qc7 11.d5 exd5 12.Nxd5 Nxd5 13.Bxd5 Bxd5 14.Rxd5 Be7 15.e4
O-O 16.Bf4 Qb7 17.Re1 Rfe8 18.Rh5 c4 19.Nd4 Nf6 20.Rg5 Bb4 21.Be5 Rxe5 22.Rxe5
Bxe1 23.Qxe1 Rd8 24.Nf3 Qd7 25.h3 Qd1 26.Qxd1 Rxd1+ 27.Kh2 h6 28.a4 Rb1
29.axb5 axb5 30.Rxb5 c3 31.Nd4 cxb2 32.e5 Ne4 33.Nf3 Nxf2 34.Kg3 Nd3 35.Rb8+
Kh7 36.e6 fxe6 37.Nd4 Re1 {#R} 0-1

[Event "Memorial Zudov"]
[Site "masterchessopen.com Nizhnij Tagil (Russia)"]
[Date "2010.06.28"]
[Round "4"]
[White "Matveev Vladimir (RUS)"]
[Black "Yuferev Oleg (RUS)"]
[Result "1-0"]
[WhiteElo "2222"]
[BlackElo "2353"]

1.d4 d5 2.c4 dxc4 3.e3 e6 4.Bxc4 c5 5.Nf3 a6 6.O-O Nf6 7.Qe2 b5 8.Bb3 Bb7 9.a4
Nbd7 10.Rd1 b4 11.Nbd2 Qc7 12.e4 cxd4 13.e5 d3 14.Qxd3 Nd5 15.Qd4 Nc5 16.Bc2
Be7 17.Nc4 b3 18.Bb1 O-O 19.Bg5 f6 20.Qh4 f5 21.Rxd5 Bxg5 22.Nxg5 h6 23.Rd1
hxg5 24.Qxg5 Bd5 25.Nd6 Qc6 26.Bd3 Nxa4 27.Rdc1 Nc5 28.Qe3 {#r} 1-0

[Event "It (open)"]
[Site "masterchessopen.com Anapa (Russia)"]
[Date "2010.09.02"]
[Round "2"]
[White "Motornov Vladimir (RUS)"]
[Black "Krepysheva Ksenia (RUS)"]
[Result "0-1"]
[WhiteElo "1839"]
[BlackElo "1822"]

1.d4 d5 2.c4 dxc4 3.Nf3 Nf6 4.e3 e6 5.Bxc4 c5 6.O-O a6 7.Qe2 b5 8.Bb3 Bb7
9.Rd1 Qc7 10.Nc3 Nbd7 11.h3 Be7 12.e4 b4 13.e5 bxc3 14.exf6 Nxf6 15.Ba4+ Bc6
16.Bxc6+ Qxc6 17.bxc3 O-O 18.Bg5 cxd4 19.cxd4 Qd5 20.Ne5 h6 21.Bh4 Rfc8 22.Ng4
g5 23.Ne3 Qd8 24.Bg3 Ne4 25.Qf3 Nc3 26.Rd3 Kg7 27.Ng4 Nd5 28.Rad1 Rc2 29.R3d2
Rac8 30.Qb3 R2c3 31.Qb1 Ba3 32.Qb7 a5 33.Be5+ Kg6 34.Rd3 h5 35.Ne3 Rxd3
36.Rxd3 Rc1+ 37.Kh2 Be7 38.Nxd5 exd5 39.Qa6+ f6 40.f3 Kf7 41.Bg3 h4 42.Bf2
Bd6+ 43.g3 hxg3+ 44.Bxg3 Rc2+ 45.Kg1 Bxg3 46.Qb7+ Bc7 47.Qb3 Rc4 48.Qd1 Qd6
49.Qf1 Qh2# 0-1

[Event "Memorial Karen Asrian"]
[Site "masterchessopen.com Jermuk (Armenia)"]
[Date "2010.10.13"]
[Round "8"]
[White "Vardanian Haik G (ARM)"]
[Black "Vardanian Hakob (ARM)"]
[Result "1-0"]
[WhiteElo "2320"]
[BlackElo "2212"]

1.d4 d5 2.c4 dxc4 3.Nf3 Nf6 4.e3 e6 5.Bxc4 a6 6.O-O c5 7.Qe2 b5 8.Bb3 Bb7
9.Rd1 Nbd7 10.Nc3 Qb8 11.d5 c4 12.dxe6 fxe6 13.Bc2 Bd6 14.e4 Ne5 15.Nd4 O-O
16.Nxe6 Nfg4 17.Nxf8 Bc5 18.Ne6 Bxf2+ 19.Qxf2 Nxf2 20.Rd8+ Qxd8 21.Nxd8 Nh3+
22.gxh3 Rxd8 23.Bf4 Nd3 24.Bxd3 cxd3 25.a3 Rd4 26.Be3 Rc4 27.Rd1 b4 28.axb4
Rxb4 29.Rd2 Kf7 30.Kf2 Ke6 31.Bc5 Rc4 32.Ba3 Ke5 33.Rxd3 {#r} 1-0

[Event "Memorial I.Kopylov (open)"]
[Site "masterchessopen.com Ufa (Russia)"]
[Date "2010.12.21"]
[Round "1"]
[White "Gumerov Renant (RUS)"]
[Black "Iskhakov Artur (RUS)"]
[Result "1-0"]
[WhiteElo "2173"]
[BlackElo "1894"]

1.d4 d5 2.c4 dxc4 3.e3 Nf6 4.Bxc4 e6 5.Nf3 c5 6.O-O a6 7.Qe2 b5 8.Bb3 Bb7
9.Rd1 Qc7 10.a4 c4 11.Bc2 Be7 12.axb5 axb5 13.Rxa8 Bxa8 14.b3 O-O 15.bxc4 bxc4
16.Ba3 Bxa3 17.Nxa3 Rc8 18.Rc1 Nbd7 19.Nxc4 g6 20.Bd3 Nd5 21.Ra1 Nb4 22.Nfd2
Nxd3 23.Qxd3 Bd5 24.Na3 Qa5 25.Nf1 Rc3 26.Qd2 Nb6 27.Nc2 Nc4 28.Qe1 {#r} 1-0

[Event "It (cat.6)"]
[Site "masterchessopen.com Kireevsk (Russia)"]
[Date "2011.02.04"]
[Round "8"]
[White "Abbasifar Hasan (IRI)"]
[Black "Gusev Aleksey (RUS)"]
[Result "1-0"]
[WhiteElo "2451"]
[BlackElo "2414"]

1.d4 d5 2.c4 dxc4 3.Nf3 Nf6 4.e3 e6 5.Bxc4 c5 6.O-O a6 7.Qe2 b5 8.Bb3 Bb7 9.a4
Nbd7 10.axb5 axb5 11.Rxa8 Qxa8 12.Nc3 b4 13.Nb5 Qb8 14.e4 Nxe4 15.Ng5 Bc6
16.Nxf7 Kxf7 17.Qg4 Bd5 18.Bxd5 Qb6 19.Nc7 Nef6 20.Bxe6+ Ke7 21.Qg3 cxd4
22.Re1 Kd8 23.Bf4 Nc5 24.Bf5 Qc6 25.Nb5 Nce4 26.Nxd4 Qd5 27.Qd3 {#r} 1-0